| 000 | 01176nam0a22003131 4500 | ||
|---|---|---|---|
| 001 | v19\rc\1880320 | ||
| 005 | 20260406231939.0 | ||
| 035 | _a(NLR Aleph) 004969854 | ||
| 090 |
_a6073079 _c6073079 |
||
| 100 | _a20251123 rusy50 | ||
| 101 | 0 | _arus | |
| 102 | _aRU | ||
| 105 | _ay z ||||| | ||
| 200 | 1 |
_aКниги-подарки для детей от 3-15 л. _fКомис. по дет. чтению при Учеб. отд. ОРТЗ |
|
| 210 |
_aМосква _cДет. б-ка М.В. Бередниковой _d1910 (обл. 1911) |
||
| 215 |
_a24 с. _d22 |
||
| 532 | 1 | 1 | _aКниги-подарки для детей от трех-пятнадцати лет |
| 710 | 0 | 2 |
_aОбщество распространения технических знаний _bКомис. по детскому чтению _cМосква _9464903 _3RU\NLR\AUTH\889984620 |
| 801 | 0 |
_aRU _bNLR _gpsbo |
|
| 801 | 0 |
_aRU _bRuMoRGB _2psbo |
|
| 801 | 1 |
_aRU _bProSoft-M _2rusmarc |
|
| 852 |
_aNLR _j20.82.8.117 |
||
| 852 |
_aNLR _bБ _j9033/К-532 |
||
| 899 |
_aRuMoRGB _jR 21/261 |
||
| 899 |
_aRuMoRGB _jЯ 386/21 |
||
| 899 | _aБАН | ||
| 899 | _aГПИБ | ||
| 942 | _cBOOK | ||
| 980 | _aNB | ||